Normal view
MARC view
Entry Topical Term
001 - CONTROL NUMBER
- control field: 6139
003 - CONTROL NUMBER IDENTIFIER
- control field: ARRUPE
005 - DATE AND TIME OF LATEST TRANSACTION
- control field: 20131219170909.0
008 - FIXED-LENGTH DATA ELEMENTS
- fixed length control field: 131219|| aca||aabn | a|a d
040 ## - CATALOGING SOURCE
- Original cataloging agency: ARRUPE
- Transcribing agency: ARRUPE
150 ## - HEADING--TOPICAL TERM
- Topical term or geographic name as entry element: Food supply
- Geographic subdivision: Zambia
- Geographic subdivision: Northern Province.
670 ## - SOURCE DATA FOUND
- Source citation: Work cat.: (ARRUPE)0: Moore, Henrietta L. 6135, Cutting down trees :, 1994.